000 00699nam a2200205Ia 4500
005 20260121110121.0
008 008 260114s9999 xx 000 0 hin d
020 _a9788132364962
037 _aEBOOK
040 _aCRL
_bhin
_cCRL
041 _ahin
_2hin
084 _qCRL
100 _aसुमित रेड्डी / Sumit Reddy
_9942248
245 0 _aयूरोप का इतिहास: सम्‍पूर्ण परिचय / Europe ka Itihas: Sampurn Parichay
260 _bभाषा प्रकाशन / Bhasha Prakashan
_c2021
856 _uhttps://bhashaprakashan.com/product-details/379147
942 _cEBOOK
999 _c1533913
_d1533913